| 000 | 01040nam a2200253 i 4500 | ||
|---|---|---|---|
| 001 | bg | ||
| 245 | 0 | 0 |
_aLAFI'98 : _bII Lubelskie Akademickie Forum Informatyczne : w ramach II Regionalnej Konferencji Informatycznej, Kazimierz Dolny, 25-29 maja 1998 / _c[red. nauk.] Piotr Muryjas ; Polskie Towarzystwo Informatyczne Koło w Lublinie, Politechnika Lubelska Katedra Informatyki. |
| 260 |
_aLublin : _bKI PL, _c1998. |
||
| 300 |
_a197 s. : _bil. ; _c24 cm. |
||
| 490 | 1 |
_aInformatyka Stosowana, _x1231-5990 ; _vS1/98 |
|
| 500 | _aTyt. grzbiet. serii: Zeszyt Naukowy mr 3, Informatyka Stosowana. | ||
| 504 | _aBibliogr. przy art. | ||
| 650 | 9 |
_aInformatyka _xzagadnienia |
|
| 655 | _aMateriały konferencyjne | ||
| 700 | 1 |
_aMURYJAS, Piotr. _eRed. |
|
| 710 | 0 | _aPolskie Towarzystwo Informatyczne (Lublin) | |
| 710 | 0 |
_aPolitechnika Lubelska _bKatedra Informatyki |
|
| 830 |
_aInformatyka Stosowana, _x1231-5990 ; |
||
| 040 | _cBPK | ||
| 041 | 0 | _apl | |
| 080 | _a004(061.3) | ||
| 942 | _cKS | ||
| 008 | s pl f |000 0 pol | ||
| 999 |
_c40899 _d40899 |
||